000 01060nam a2200325 i 4500
003 EG-GICUC
005 20260430112350.0
008 260430s1892 fr a|||f |||| 000 0 fre d
040 _aEG-GiCUC
_cEG-GiCUC
_dEG-GiCUC
_eRda
_bfre
041 0 _afre
082 0 4 _221
_a343.622
_bLO . N
092 0 4 _221
099 _aLaw1 10 343.622 LO . N 18921010959 C1
100 1 _aLombroso,Cesare
_eAuteur
245 1 2 _aLes Applications L'anthropologie Criminelle /
_cPar Cesare Lombroso.
264 1 _aParis :
_bFélix Alcan, Éditeur,
_c1892.
300 _a224 page :
_billustration(photographies,graphiques,tableaux) ;
_c24 cm.
336 _2rda contenu
_a texte
337 _2rda medias
_aOrdinateur
338 _2 transporteur rda
_a Ressource en ligne
500 _aAvec 9 Figures Dans Le Texte
546 _aTexte en français
650 1 4 _aTendance formative
650 1 4 _aAnthropologie
650 1 4 _aDroit pénal
651 1 _2qrmak
856 4 0 _uhttps://fll.law.cu.edu.eg/fulltext/bks/B10-10959.pdf
905 _a164
942 _2ddc
_cBK
_e21
_n0
999 _c74443
_d74443